Statistics for Biggest Trading Partners - Montenegro

Click here to take the quiz!

General Stats

  • This quiz has been taken 147 times
  • The average score is 18 of 21

Answer Stats

ExportsImportsCountry% Correct
122 milCroatia
99%
3.55 milUnited Kingdom
98%
90.6 mil505 milSerbia
97%
29.4 mil124 milBosnia and Herzegovina
97%
19.2 mil168 milItaly
97%
16.7 mil51.3 milSlovenia
97%
14.5 mil237 milGermany
97%
120 milGreece
95%
4.11 mil45.8 milFrance
93%
48.3 milSpain
92%
15.9 mil31.1 milAlbania
92%
38.4 milHungary
92%
5.65 mil74 milTurkey
90%
12.6 mil34.4 milPoland
90%
20.9 mil204 milChina
89%
38.9 milAustria
89%
5 mil29.3 milMacedonia
83%
4.78 milSwitzerland
81%
6.67 milCzech Republic
79%
36 milNetherlands
74%
3.22 milBangladesh
3%

Score Distribution

Percentile by Number Answered

Percent of People with Each Score

Your Score History

You have not taken this quiz